000 00679nam a22002297a 4500
005 20170124105930.0
010 _a821106
020 _c00
035 _a821106
037 _bCen Lib/Ret
040 _aDPL
_bEN
082 _a321.021
100 _aMaprayil, Cyriac
_98058
245 _aNehru and the commonwealth /
_cby Cyriac Maprayil
260 _aNew Delhi
_bRadiant Publishers
_c1976
270 _aE-155, kalka ji
_bNew Delhi
_e110019
300 _axiii, 69p.
_c21cm(Hb)
500 _aIncludes bibliographical references and index
650 _aCommonwealth history
_98059
650 _aSpeeches
_xNehru
_98060
942 _2ddc
_cEN
_h321.021
_mMAP
999 _c123793
_d123793